000 01126cam a22003257a 4500
003 CHAP
005 20220329141857.0
008 980325d1986 mx r 00110 spa d
010 _a75171
011 _a76143
035 _a85720
040 _cCHAP
090 _aTesis
100 0 0 _aEscajeda Arce, Celina.
_937380
245 1 3 _aEl fracaso de los ejidos colectivos causas y alternativas :
_bestudio de caso
_c/por Celina Escajeda Arce y Oscar Javier Galindo Tijerina
260 _aChapingo, Méx. :
_bEl autor,
_c1986.
300 _a112 h. :
_bcuadros
502 _aTesis (Ing. Agr. Esp. en Sociología Rural) -- UACH. Departamento de Sociología Rural
590 _aALEPH
_b10
_c20130110
_lUCH01
_h1423
590 _aBATCH-UPD
_b10
_c20130110
_lUCH01
_h0426
590 _aCONVERSION
_b10
_c20130109
_lUCH01
_h1341
650 1 4 _aColectivismo.
_925050
650 1 4 _aEjido San Miguel Atotonilco, Zac.
_935979
650 1 4 _aEjidos
_xZacatecas.
_936037
700 0 _aGalindo Tijerina, Oscar Javier.
_944312
901 _aBK
905 _aLilia Sánchez G.
942 _cTESIS
949 _bBC
_cTES
_d857201
_eTS1
_h19953
_i85720
_sb
999 _c75171
_d75171